| 000 | 01187cad a22002415a 4500 | ||
|---|---|---|---|
| 001 | E147607 | ||
| 008 | 090225s2007 xxk f 000 0 eng d | ||
| 020 | _a9781853975165 | ||
| 035 | _a(Sirsi) u147607 | ||
| 041 | 0 | _aeng | |
| 050 | 0 | 4 | _a711.558 $2 18 |
| 110 | 2 |
_aScottish Natural Heritage _92794 |
|
| 245 | 0 | 0 |
_aPublic access and land management _h[electronic resource] |
| 260 |
_aRedgorton _bSNH _c2007 |
||
| 520 | _aOffers guidance to farmers, crofters, foresters, forest owners, estate managers, and all others involved in land management on ways of integrating access and land management, following the introduction of the Land Reform (Scotland) Act 2003. The guidance provides an overview of obligations under Part 1 of the Act, discusses other relevant legislation and looks at ways of dealing with issues associated with access to the countryside. | ||
| 521 | _aAdvanced | ||
| 590 | _aKA | ||
| 650 | 2 | 4 | _aLAND REFORM (SCOTLAND) ACT 2003 |
| 651 | 4 |
_aScotland _y1999- |
|
| 690 | _aENVIRONMENTAL AND LAND CONSULTANCY-ENVIRONMENTAL MANAGEMENT | ||
| 856 | 4 | 0 |
_uhttps://www.snh.org.uk/pubs/detail.asp?id=888 _zView the report free of charge at www.snh.org.uk... |
| 942 | _n0 | ||
| 999 |
_c109649 _d109649 |
||